Một số biên pháp đảm bảo cho học sinh tự hoạt động nhận thức có kết quả trong học tập vật lý ở trường phổ thông /

সংরক্ষণ করুন:
গ্রন্থ-পঞ্জীর বিবরন
প্রধান লেখক: Nguyễn Đức Thâm.
বিন্যাস: প্রবন্ধ
ভাষা:Vietnamese
ট্যাগগুলো: ট্যাগ যুক্ত করুন
কোনো ট্যাগ নেই, প্রথমজন হিসাবে ট্যাগ করুন!
Thư viện lưu trữ: Thư viện Trường Đại học Đà Lạt
LEADER 00832nam a2200241 4500
001 DLU120000711
005 ##20120712
040 # # |a DLU  |b vie 
041 # # |a vie 
044 # # |a vn 
100 # # |a Nguyễn Đức Thâm. 
245 # # |a Một số biên pháp đảm bảo cho học sinh tự hoạt động nhận thức có kết quả trong học tập vật lý ở trường phổ thông /  |c Nguyễn Đức Thâm. 
773 # # |t Thông báo khoa học của các Trường Đại học: khoa học giáo dục  |g Số 3, 1998, tr. 61-63 
920 # # |a Phòng Tạp chí -- Trung tâm Thông tin - Thư viện Trường Đại học Đà Lạt 
994 # # |a DLU 
900 # # |a True 
911 # # |a Nguyễn Thị Tưởng 
925 # # |a G 
926 # # |a A 
927 # # |a BB 
980 # # |a Thư viện Trường Đại học Đà Lạt